[Event "Innsbruck op"]
[Site "Innsbruck"]
[Date "2024.08.26"]
[Round "4"]
[White "Gatterer, Florian"]
[Black "Greussing, Stefan"]
[Result "1-0"]
[WhiteElo "2170"]
[BlackElo "1941"]
[PlyCount "147"]
[EventDate "2024.08.24"]
[EventType "swiss"]
[EventRounds "9"]
[EventCountry "AUT"]
[SourceTitle "CBM 221 Extra"]
[Source "ChessBase"]
[SourceDate "2024.09.30"]
[SourceVersion "1"]
[SourceVersionDate "2024.09.30"]
[SourceQuality "1"]

1. d4 Nf6 2. Nf3 e6 3. Bf4 d5 4. e3 Bd6 5. Nbd2 0-0 6. Bd3 c5 7. dxc5 Bxf4 8. exf4 Qc7 9. g3 Qxc5 10. 0-0 b6 11. Qe2 Nc6 12. c3 Bb7 13. Rfe1 Ne7 14. Nd4 Rfe8 15. Ba6 Bxa6 16. Qxa6 Nc8 17. N2b3 Qc7 18. Qe2 Nd6 19. Nb5 Nxb5 20. Qxb5 Qc4 21. Nd4 h6 22. Qb3 Qxb3 23. axb3 a5 24. Kf1 Ne4 25. Re2 Rec8 26. f3 Nd6 27. Ke1 g6 28. Kd2 Nf5 29. Nxf5 gxf5 30. g4 fxg4 31. fxg4 Re8 32. Kc2 Kg7 33. Ra4 Kf6 34. b4 axb4 35. Rxb4 Ra6 36. Re5 Rg8 37. h3 Rc8 38. Rh5 Kg6 39. f5+ Kg7 40. Rf4 Ra7 41. fxe6 fxe6 42. g5 Kg6 43. Rxh6+ Kxg5 44. Rff6 d4 45. Rhg6+ Kh5 46. Rxe6 dxc3 47. bxc3 Rac7 48. Rg3 b5 49. Re5+ Kh4 50. Rd3 Rb8 51. Kb3 Rc6 52. Red5 Rc7 53. R5d4+ Kh5 54. Rd8 Rb6 55. Rg3 Kh4 56. Rg1 Rh6 57. Rd4+ Kh5 58. Re1 Rhc6 59. Re5+ Kg6 60. Rd3 Rb7 61. Red5 Rc8 62. Rg3+ Kf6 63. h4 Rh8 64. h5 Ke6 65. Rc5 Kd6 66. Kb4 Rhh7 67. Rg6+ Kd7 68. h6 Kd8 69. Rxb5 Rbd7 70. c4 Kc7 71. Rc5+ Kb8 72. Rcg5 Rb7+ 73. Rb5 Rxb5+ 74. Kxb5 1-0

[Event "Titled Tuesday intern op 20th Aug Early"]
[Site "Chess.com INT"]
[Date "2024.08.20"]
[Round "1"]
[White "Gatterer, Florian"]
[Black "Popov, Konstantin"]
[Result "0-1"]
[WhiteElo "2170"]
[BlackElo "2376"]
[PlyCount "132"]
[EventDate "2024.08.20"]
[EventType "swiss (blitz)"]
[EventRounds "11"]
[EventCountry "USA"]
[SourceTitle "EXT 2025"]
[Source "ChessBase"]
[SourceDate "2024.10.14"]
[SourceVersion "1"]
[SourceVersionDate "2024.10.14"]
[SourceQuality "1"]

1. d4 Nf6 2. Bf4 b6 3. Nf3 Bb7 4. e3 g6 5. Be2 Bg7 6. 0-0 0-0 7. h3 d6 8. a4 a6 9. Nbd2 Re8 10. Re1 Nbd7 11. Bh2 e5 12. dxe5 dxe5 13. Nc4 Ne4 14. Nfd2 Ng5 15. Nf3 Ne4 16. Nfd2 Qe7 17. Nxe4 Bxe4 18. Bf3 Bxf3 19. Qxf3 Qe6 20. Qe2 Nc5 21. e4 Rad8 22. b3 Rd4 23. Rad1 Rxe4 24. Qf3 f5 25. Rxe4 Nxe4 26. Qd3 b5 27. axb5 axb5 28. Ne3 c6 29. Qd7 Qxd7 30. Rxd7 Ra8 31. f3 Ra1+ 32. Nf1 Bh6 33. Bxe5 Be3+ 34. Kh2 Rxf1 35. fxe4 fxe4 36. Rg7+ Kf8 37. Rc7 Bg1+ 38. Kg3 e3 39. Rxc6 e2 40. Bc3 e1Q+ 41. Bxe1 Rxe1 42. Rc8+ Kf7 43. Rb8 Re5 44. c4 bxc4 45. bxc4 Rc5 46. Rb4 Kf6 47. Ra4 h5 48. Kf3 Kg5 49. g3 Bd4 50. h4+ Kf5 51. Rb4 Be5 52. Rb6 Rxc4 53. Rb5 Rc3+ 54. Kf2 Ke4 55. Rb4+ Kf5 56. Rb5 Rxg3 57. Rxe5+ Kxe5 58. Kxg3 Ke4 59. Kg2 Kf4 60. Kh3 Kf3 61. Kh2 Kg4 62. Kg2 Kxh4 63. Kh2 Kg4 64. Kg2 h4 65. Kh2 g5 66. Kg2 h3+ 0-1

[Event "Titled Tuesday intern op 13th Aug Late"]
[Site "Chess.com INT"]
[Date "2024.08.13"]
[Round "4"]
[White "Gatterer, Florian"]
[Black "Pershin, Denis"]
[Result "0-1"]
[WhiteElo "2170"]
[BlackElo "2358"]
[PlyCount "56"]
[EventDate "2024.08.13"]
[EventType "swiss (blitz)"]
[EventRounds "11"]
[EventCountry "USA"]
[SourceTitle "EXT 2025"]
[Source "ChessBase"]
[SourceDate "2024.10.14"]
[SourceVersion "1"]
[SourceVersionDate "2024.10.14"]
[SourceQuality "1"]

1. Nf3 d5 2. d4 Nc6 3. Bf4 Bf5 4. e3 f6 5. Bd3 Bxd3 6. cxd3 g5 7. Bg3 h5 8. h3 e6 9. Nc3 Bd6 10. Bxd6 Qxd6 11. Qd2 Nge7 12. 0-0-0 0-0-0 13. Kb1 g4 14. Nh4 Rdg8 15. hxg4 hxg4 16. g3 e5 17. dxe5 fxe5 18. Ne2 Rf8 19. Rhf1 Rf6 20. d4 exd4 21. Nxd4 Rhf8 22. Nxc6 Qxc6 23. Rc1 Qe6 24. Ka1 Qe4 25. Qa5 Nc6 26. Qd2 d4 27. exd4 Nxd4 28. Rfe1 Nb3+ 0-1